| 000 | 00000nam##2200000za#4500 |
| 001 | 9.600766 |
| 003 | CaOODSP |
| 005 | 20210624205737 |
| 007 | cr ||||||||||| |
| 008 | 150406|2007||||xxc|||||o f|0| 0 fre|d |
| 040 | |aCaOODSP|bfre |
| 043 | |an-cn--- |
| 086 | 1 |aNH18-1-2/128-2007F-PDF |
| 110 | 2 |aSociété canadienne d'hypothèques et de logement. |
| 245 | 10|aEnquête de terrain sur la performance des filtres électroniques résidentiels : |h[ressource électronique]|brecherche de recommandations sur la fréquence de nettoyage et d'un test diagnostic simple accessible aux propriétaires, recherche d'un lien entre taux de particules et cycles cardiaques / |c[par] Pierre Hosatte. |
| 260 | |aOttawa - Ontario : |bSociété canadienne d'hypothèques et de logement |cMars 2007. |
| 300 | |a44p.|bfigures (certaines en couleur), graphiques |
| 490 | 1 |aRapport de recherche |
| 500 | |a« Dossier CR : 6585-H088-5 ». |
| 504 | |aBibliographie. |
| 546 | |a(Summary in English.) |
| 590 | |a11-26-Supp|b2011-11-03 |
| 720 | 1 |aHosatte, Pierre |
| 830 | #0|aResearch report (Société canadienne d'hypothèques et de logement : En ligne)|w(CaOODSP)9.502470 |
| 856 | 40|ahttp://publications.gc.ca|qPDF|s3.44 Mo|uhttps://publications.gc.ca/collections/collection_2011/schl-cmhc/nh18-1-2/NH18-1-2-128-2007-fra.pdf |